Daňové okénko.

Prvý článok z cyklu zameraného na problémy v oblasti daní, s ktorými sa každý začínajúci podnikateľ môže stretnúť. Vysvetlenie daňových povinností podnikateľa zapísaného do podnikového registra a podnikateľov nezapísaných do tohto registra.

Gespeichert in:
Bibliographische Detailangaben
1. Verfasser: Křempek, B.
Format: Buchkapitel
Sprache:Tschechisch
Schlagworte:
Tags: Tag hinzufügen
Keine Tags, Fügen Sie das erste Tag hinzu!

MARC

LEADER 00000naa a2200000 4500
001 r007628
005 20220831085109.1
041 0 |a cze 
044 |a [CS] 
245 1 0 |a Daňové okénko.  |c B. Křempek 
520 |a Prvý článok z cyklu zameraného na problémy v oblasti daní, s ktorými sa každý začínajúci podnikateľ môže stretnúť. Vysvetlenie daňových povinností podnikateľa zapísaného do podnikového registra a podnikateľov nezapísaných do tohto registra. 
610 2 0 |a dane 
610 2 0 |a podnikanie 
610 2 0 |a reformy hospodárske 
610 2 0 |a registre 
100 1 |a Křempek, B.